Electronic drafting and design (Record no. 20866)

000 -LEADER
fixed length control field 00602nam a22002051 4500
001 - CONTROL NUMBER
control field 20866
003 - CONTROL NUMBER IDENTIFIER
control field BD-DhUET
008 - FIXED-LENGTH DATA ELEMENTS--GENERAL INFORMATION
fixed length control field 840208s1966 nyua b 000 0 eng
040 ## - CATALOGING SOURCE
Original cataloging agency DLC
Transcribing agency DLC
Modifying agency BD-DhUET
082 00 - DEWEY DECIMAL CLASSIFICATION NUMBER
Classification number 623.004
Item number RAS/1966
100 ## - MAIN ENTRY--PERSONAL NAME
Personal name Raskhodoff, Nicholas M.
245 10 - TITLE STATEMENT
Title Electronic drafting and design
250 ## - EDITION STATEMENT
Edition statement 1st ed.
260 ## - PUBLICATION, DISTRIBUTION, ETC. (IMPRINT)
Place of publication, distribution, etc. New Jersey
Date of publication, distribution, etc. 1966
Name of publisher, distributor, etc. Prentice-Hall
300 ## - PHYSICAL DESCRIPTION
Extent xii, 594 p.
Other physical details illus.
Dimensions 24 cm.
490 ## - SERIES STATEMENT
Series statement Prentice-Hall series in electronic technology
504 ## - BIBLIOGRAPHY, ETC. NOTE
Bibliography, etc Includes bibliographies
650 #0 - SUBJECT ADDED ENTRY--TOPICAL TERM
Topical term or geographic name as entry element Electrical Engineering : Design and drafting
942 ## - ADDED ENTRY ELEMENTS (KOHA)
Koha item type General Book
Holdings
Koha normalized classification for sorting Price effective from Location (home branch) Koha item type Withdrawn status Copy number Koha date last seen Piece designation (barcode) Source of classification or shelving scheme Lost status Sublocation or collection (holding branch) Not for loan Damaged status Koha full call number Date acquired Shelving location
623_004000000000000_RAS_19662015-04-13Central Library, BUETGeneral Book 12015-04-137779  Central Library, BUET  623.004/RAS/19662015-04-13Circulation section
623_004000000000000_RAS_19662015-04-13Central Library, BUETGeneral Book 22015-04-137778  Central Library, BUET  623.004/RAS/19662015-04-13Circulation section
623_004000000000000_RAS_19662015-04-13Central Library, BUETGeneral Book 32015-04-137782  Central Library, BUET  623.004/RAS/19662015-04-13Circulation section
623_004000000000000_RAS_19662015-04-13Central Library, BUETGeneral Book 42015-04-137780  Central Library, BUET  623.004/RAS/19662015-04-13Circulation section
623_004000000000000_RAS_19662015-04-13Central Library, BUETGeneral Book 52015-04-1320020  Central Library, BUET  623.004/RAS/19662015-04-13Circulation section
623_004000000000000_RAS_19662015-04-13Central Library, BUETGeneral Book 62015-04-137781  Central Library, BUET  623.004/RAS/19662015-04-13Circulation section
623_004000000000000_RAS_19662015-06-25Central Library, BUETGeneral Book 72015-06-257783  Central Library, BUET  623.004/RAS/19662015-06-25Reading section